Score 0/20 Timer 04:00
1 Play Today
Mixed Word Word % Correct
TETSTest
98.9%
GRDAEGrade
98.8%
HAMTMath
97.1%
SOKOBBooks
95.1%
SCNCEIEScience
94.7%
DYUSTStudy
93.4%
PARPEPaper
92.7%
CLLEEGOCollege
92.5%
OKMOWRHEHomework
91.8%
YSIRTOHHistory
91.5%
Mixed Word Word % Correct
LPPAEApple
87.3%
PILENCPencil
86.3%
ANLAGGUELanguage
82.7%
SULLEIBBullies
82.6%
ERAHETCTeacher
77.1%
TCPMUOERComputer
77.1%
SEERCSRecess
65.5%
TNNDAKGRREIEKindergarten
64.4%
OOSLRCAMSClassroom
49%
AFIECARETCafeteria
46.6%
Remove Ads.
Support Sporcle.
Get the best of Sporcle when you Go Orange. This ad-free experience offers more features, more stats, and more fun while also helping to support Sporcle. Thank you for becoming a member.

You're not logged in!

Compare scores with friends on all Sporcle quizzes.
OR
Log In

Show Comments

Extras

Top Quizzes Today


Score Distribution

Your Account Isn't Verified!

In order to create a playlist on Sporcle, you need to verify the email address you used during registration. Go to your Sporcle Settings to finish the process.

Report this User

Report this user for behavior that violates our Community Guidelines.

Details: